[Event "Match 69_120'/40"]
[Site "Zürich"]
[Date "2022.??.??"]
[Round "21"]
[White "Excel Mach III 68000"]
[Black "Mephisto Almeria 68000"]
[Result "0-1"]
[WhiteElo "2021"]
[BlackElo "2079"]
[Annotator "KUT"]
[PlyCount "119"]
[EventDate "2022.??.??"]

{[%evp 0,119,19,38,89,89,79,48,44,33,72,57,57,40,28,44,34,33,31,38,18,25,15,20,
6,-10,19,24,22,0,-10,-11,18,7,16,32,46,36,73,23,27,24,18,18,17,1,18,21,21,9,11,
5,39,17,52,17,50,56,79,37,30,16,89,41,49,43,35,61,102,83,129,80,162,-88,-86,
-68,-76,-74,-74,-74,-92,-74,-74,-74,-61,-61,-89,-87,-58,-193,-193,-533,-554,
-625,-596,-633,-633,-658,-718,-733,-759,-759,-787,-787,-811,-812,-843,-843,
-916,-1083,-1160,-1160,-1106,-1584,-1835,-29967,-1866,-2068,-2520,-2068,-2414,
-2848]} 1. e4 Nf6 {Match 120'/40 | Bediener: Rolf Bühler | 21. Partie:
Schwarz (Almeria 16bit) gewinnt | Zwischenstand: 10,5-10,5 (50%) für beide
Programme | Mit seiner gewählten Aljechin-Verteidigung wird der Almeria 16bit
aus der Eröffnung heraus in eine ungünstige Stellung entlassen. Und schon
bald nach Ende seines letzten Buchzuges hätte der Gegner (Mach III) mit dem
Bauernvorstoss b4-b5 den Sieg an seine Fahnen heften können. Nachdem er diese
Möglichkeit verpasst, gelingt es ihm in der Folge erneut, eine gewonnene
Stellung aufzubauen, patzt jedoch und gerät selbst auf die Verliererstrasse.
Der Almeria 68000 seinerseits findet den schwierigen Gewinn nicht und kann
erst dann wieder auf den Siegespfad einschwenken, als Weiss die Kraft seines
Freibauern auf der c-Linie nicht einsetzt. Eine unglückliche Niederlage des
Mach III 68000 in einer schwierigen Partie.} 2. e5 Nd5 3. d4 d6 4. Nf3 g6 5. c4
Nb6 6. exd6 cxd6 7. Be2 Bg7 8. O-O O-O 9. Be3 Nc6 10. Nc3 Bg4 11. b3 d5 12. c5
Nc8 13. b4 a6 14. Rb1 e6 15. a4 Bxf3 16. Bxf3 {***ENDE BUCH***} Qf6 17. Ne2
N8e7 {***ENDE BUCH***} 18. Qd2 $16 {Mit diesem Damenzug, der in vielen
Varianten tödlich Lg5 ermöglicht, beweist Weiss, dass die schwarze
Eröffnungsvariante nicht über alle Tadel erhaben ist und klar vorteilhaft
für Weiss ausfallen sollte.[#]} e5 $2 {Und bereits einen Zug nach Ende der
Eröffnungsbibliothek stolpert der Almeria 16bit. Der Bauernvorstoss sollte
schlicht und einfach zum Partieverlust führen. Nur mit 18...h6 konnte Schwarz
noch mitspielen. Der Mephisto Almeria 68000 sieht sich bei ST 5/13 lediglich
mit -0.24 in Erwartung von 19.dxe5 negativ, sieht also absolut noch keine
Gefahren.} 19. Rfe1 $6 {Der Mach III erkennt den gegnerischen Fehler ebenfalls
nicht und muss sich mit geringem Vorteil begnügen.} (19. b5 axb5 (19... e4 20.
Bg4 $18) 20. axb5 Na5 21. dxe5 Qxe5 22. Bd4 Qc7 23. Bxg7 Kxg7 24. Qd4+ Kg8 25.
Nf4 Qd7 26. g3 Rfd8 27. Rfd1 Qf5 28. Ra1 $18 {und gewinnt}) 19... e4 $6 {
Aber auch der Almeria 16bit hat den Durchblick nicht, ansonsten 19...h6
gefolgt wäre. Aber das Programm von Richard Lang sieht sich bei ST 5/13 sogar
mit +0.06 leicht im Vorteil.} 20. Bg4 {Jetzt droht 21.Lg5 mit Damenfang.} Nf5 {
Macht seiner Dame das Feld e6 frei.} 21. Bxf5 (21. Bg5 Qe6 22. h4 $16 {ist
gemäss den Engines deutlich stärker.}) 21... Qxf5 {Dank gegnerischer
Unterstützung hat der Almeria 68000 noch eine annehmbare Stellung erhalten.}
22. b5 axb5 23. Rxb5 $6 {Unverständlich, denn vom positionellen Standpunkt
aus musste natürlich 23.axb5 geschehen, was die Bauern zusammenhält und
stets die Drohung schafft, mit c5-c6 einen gefährlichen Freibauern zu
etablieren. Das hätte Weiss noch ein kleines Plus beschert.} Rxa4 24. Rxb7 {
Wegen der Anfälligkeit des weissen d4-Bauern steht das Spiel jetzt gleich.}
Rfa8 25. Reb1 Ra2 26. Qe1 Qh5 {Das bringt gar nichts ein. Um das gegnerische
h2-h3, gefolgt von g2-g4, zu verhindern, sollte Schwarz mit 26...h5 agieren.}
27. Nf4 Qg5 $6 {Auf f5 steht die Dame besser, denn nun kann Weiss den schönen
schwarzfeldrigen Läufer beseitigen, bzw. gar eine noch bessere Fortsetzung
wählen.} 28. Ne6 Qf5 29. Nxg7 $6 {Mit der komplizierten Variante 29.Sc7, die
für unsere Oldies unter keinen Umständen zu finden ist, wäre Weiss auf die
Siegerstrasse gelangt.} Kxg7 30. Qc1 Nd8 $6 {Nach 30...g5!= bliebe von weissem
Vorteil keine Spur mehr übrig.} 31. Rb8 Nc6 32. Rxa8 Rxa8 33. Rb6 $16 {
Weiss ist nun wieder am Drücker.} Ne7 $2 {Almeria 68000 gibt 0.00 bei ST 5/13
an, bevor ...Dd7 und ...Tc8 verworfen werden. Mit 33...Tc8 war noch Widerstand
möglich. Nach dem Textzug könnte Schwarz wieder in fast unüberwindliche
Schwierigkeiten geraten.} 34. Bh6+ Kg8 35. h4 Qg4 {Einzig 35...f6 war noch zu
versuchen, allerdings ohne grosse Hoffnungen auf Rettung.[#]} 36. Rd6 $2 {
In klarer Gewinnstellung begeht der Mach III einen taktischen Bock, der die
Lage auf den Kopf stellt. Auch der Almeria 68000 hätte diesen Fehler begangen,
denn er sieht sich dabei selbst nach über 30 Min bei ST 6/14 nur mit -0.21
negativ.} (36. c6 Rc8 37. c7 Qd7 38. Bf4 $18 {und Weiss gewinnt}) 36... Nf5 37.
Rxd5 Nxh4 $19 {Gegen die Macht der schwarzen Figuren ist nun kein Kraut mehr
gewachsen.} ({Auch} 37... Nxh6 {gewinnt} 38. Qxh6 e3 $1 39. Qxe3 (39. fxe3 Qg3
$19) 39... Ra1+ 40. Kh2 Qxh4+ 41. Qh3 Qxf2 $19 {und die Drohung ...Dg1+ nebst .
..Ta3+ ist unvermeidbar tödlich.}) 38. g3 (38. Qf1 {hilft nicht wegen} Nf3+
39. Kh1 Qh4#) (38. Kf1 {rettet ebenso wenig} Qxg2+ 39. Ke2 Ra2+ {und Weiss
wird bald Matt gesetzt.}) 38... e3 $1 {Dieser hübsche Vorstoss haut den
stärksten Eskimo vom Schlitten. Ein Ausrufezeichen für die Güte des Zuges,
obwohl sofort klar wird, dass der Almeria 68000 seinen Zug aus rein
materialistischem Grunde gewählt hat ... und damit keinen Erfolg haben sollte.
} 39. Bxe3 Qf3 $2 {Das war die Idee des Programms von Richard Lang: Schwarz
droht auf g2 Matt und greift den weissen Td5 an. Leider genügt diese
Fortsetzung nicht für den Gewinn, der mit 39...Sf3+ oder 39...h5 zu erzielen
war. Die vorhandene Rechenkraft ist jedoch deutlich zu tief, um das für
unsere Oldies zu erkennen.} 40. gxh4 Qxd5 {Der Almeria 68000 sieht sich mit 0.
78 im Plus.} 41. Kh2 $2 {Erstaunlich, dass der Mach III von der Stärke seines
Freibauern auf der c-Linie keinen Gebrauch macht. Nach 41.c6, siehe Variante,
steht ein Gewinn für Schwarz in den Sternen.} ({Stockfish 090222:} 41. c6 Rc8
42. c7 f6 43. Bf4 Qxd4 44. Qc6 Kf7 45. Bg3 Qd3 46. Kh2 Qf5 47. Qc4+ Qe6 48. Qb5
Re8 49. Qb7 Kg8 50. Qb8 Rc8 51. Qb4 Qd7 52. Qb6 Kg7 53. Qb8 Qe6 54. Qb5 h6 55.
Qd3 Re8 56. Qf3 Rh8 57. Qd3 Rc8 58. Qd4 Re8 59. Qa7 Qc8 60. Qb6 Kf7 61. Qa7 h5
62. Qc5 Qe6 63. Qa7 Rc8 64. Qc5 Rg8 65. Qa7 Qc8 66. Qb8 Re8 67. Qa7 Kg7 68. Qb6
Qd7 69. Qa7 Rc8 70. Qb6 Kf7 71. Qc5 Qe6 72. Qa7 Kg7 73. Qd4 Qe7 {[%eval -39,66]
}) 41... Qe4 42. Kg3 {Im Folgenden verpassen beide Programme zu tief
versteckte gute Züge.} Rb8 43. Qc3 $2 {Diese Fortsetzung bewerten die Engines
um eine Bauerneinheit schlechter als 49.f3, obwohl die dabei gezeigten
Varianten keinen zwingenden Eindruck hinterlassen.} ({Stockfish 090222: 1)} 43.
f3 Qe6 44. c6 Rc8 45. c7 Qd6+ 46. Bf4 Qxd4 47. Qc6 Qg1+ 48. Kh3 Qh1+ 49. Kg3
Qe1+ 50. Kg4 h5+ 51. Kh3 Qe7 52. Kg3 Kh7 53. Kh3 Kg7 54. Kg2 Qe2+ 55. Kg3 Qe1+
56. Kh3 Qe8 57. Qd6 f6 58. Qd5 Rxc7 59. Bxc7 Qc8+ 60. Kg2 Qxc7 61. Qe4 Qd7 62.
Qf4 Qe6 63. Qd2 Qe7 64. Qd3 Kh6 65. Qd2+ Kh7 66. Qd5 Qe2+ 67. Kg3 Qe1+ 68. Kh3
Kg7 69. Qd7+ Kf8 70. Qd8+ Kf7 71. Qd7+ Qe7 72. Qd3 Qe5 73. Kg2 Qe6 74. Kg3 Kg7
75. Kg2 g5 76. hxg5 fxg5 77. Qd2 Kg6 78. Qd3+ Kh6 79. Kf2 h4 80. Qd4 Qg6 81.
Qd7 Qf6 {[%eval -16,67]}) ({Stockfish 090222: 2)} 43. Qc3 h5 44. f3 Qb1 45. Qc1
Qxc1 46. Bxc1 Rd8 47. Be3 f6 48. c6 Kf7 49. d5 Ke8 50. c7 Rc8 51. d6 Kd7 52.
Bc5 Ra8 53. Bd4 Kxd6 54. Bxf6 Kxc7 55. Kf2 Kd7 56. Bg5 Ra5 57. Bh6 Ra2+ 58. Kf1
Ra4 59. Bg5 Rc4 60. Kf2 Ke6 61. Kf1 Rc5 62. Bh6 Rf5 63. Kf2 Kf7 64. Ke2 Rb5 65.
Kf1 Rb1+ 66. Kf2 Ke6 67. Bg5 Rb2+ 68. Ke1 Kf7 69. Kf1 Ra2 70. Bh6 Ra4 71. Bg5
Ra5 72. Bh6 Ke7 73. Kf2 Ra2+ 74. Kf1 Rc2 75. Bg5+ Kd7 76. Bh6 Rc3 77. Ke2 Ke6
78. Kf2 Kf7 79. Ke2 {[%eval -115,66]}) 43... Qe6 $2 {[#]} (43... h5 $1 $17) 44.
Qa3 $2 {Mit 44.c6 stellt Weiss den Ausgleich unmittelbar sicher. Der Textzug
verliert gemäss den Engines mit schon positiven Bewertungen von ca. +8.00.} (
44. c6 h5 45. c7 Qg4+ 46. Kh2 Qxh4+ 47. Kg1 Qg4+ 48. Kh2 Rc8 49. d5 $11 {
und Schwarz wird über kurz oder lang zum Dauerschach gegen den weissen König
greifen müssen.}) 44... h5 $1 {Bei ST 5/13 immerhin +1.72 meint der Almeria
68000. Dabei gibt es aber bereits keine Rettung mehr für Weiss.} 45. f3 {
Er tut etwas gegen die Drohung ...Dg4+.} Rb3 {Jetzt hat auch der Almeria 68000
bei ST 6/14 mit +2.90 Blut gerochen.} 46. Qa8+ Kh7 47. Qe4 Rxe3 48. Qxe6 fxe6 {
Man könnte die Partie mit 0-1 schon hier abbrechen.} 49. Kf4 Re1 50. c6 Rc1
51. Ke5 Rxc6 52. Kf6 Rc4 53. Ke5 Kg7 54. f4 Kf7 55. Ke4 Kf6 56. Kd3 Rc1 57. Ke4
Rh1 58. Kd3 Rxh4 59. Ke4 g5 60. Kd3 {***AUFGEGEBEN***} 0-1

[Event "Match 69_120'/40"]
[Site "Zürich"]
[Date "2022.??.??"]
[Round "22"]
[White "Mephisto Almeria 68000"]
[Black "Excel Mach III 68000"]
[Result "1/2-1/2"]
[WhiteElo "2079"]
[BlackElo "2021"]
[Annotator "KUT"]
[PlyCount "185"]
[EventDate "2022.??.??"]

{[%evp 0,185,29,-20,14,19,27,34,47,23,5,12,26,13,19,18,19,3,30,27,32,35,35,40,
30,32,44,34,47,44,51,47,52,36,38,-25,1,-11,-28,-24,-44,-101,-64,-86,-78,-81,
-81,-95,-81,-97,-68,-62,-53,-81,-45,-59,-80,-59,-97,-111,-93,-116,-106,-137,
-113,-116,-90,-90,-101,-80,-51,-50,0,0,0,0,0,0,0,0,44,37,41,41,77,38,73,49,83,
54,83,8,6,30,31,41,44,53,48,31,23,0,76,61,40,41,31,16,15,30,30,12,85,99,120,
127,123,121,121,107,96,91,91,64,42,42,122,126,124,112,95,4,3,4,4,4,4,4,11,6,4,
4,4,3,4,4,4,4,4,3,4,3,3,3,4,3,3,3,3,2,3,2,2,2,2,1,1,1,1,1,1,1,1,0,0,0,0,0,0,0,
0,0,0,0,0,0,0,0]} 1. c4 c5 {Match 120'/40 | Bediener: Rolf Bühler | 22.
Partie: Remis | Zwischenstand: 11,0-11,0 (50%) für beide Programme | In
dieser schwierigen Partie ohne eigentliche Höhepunkte aus der Englischen
Symmetrie-Variante erlauben sich beide Partner haufenweise Ungenauigkeiten.
Der Fidelity Excel Mach III 68000 hatte mehr Chancen, aber irgendwie geht das
Remis doch in Ordnung.} 2. Nc3 Nc6 3. Nf3 g6 4. g3 Bg7 5. Bg2 Nf6 6. d4 cxd4 7.
Nxd4 O-O 8. e3 {***ENDE BUCH***} a6 {***ENDE BUCH***} 9. O-O Qb6 10. b3 d6 11.
Bb2 Bd7 12. Qd2 Rac8 13. Rad1 Ne5 {Hier steht der Springer unsicher, bzw. ist
er doch Angriffen wie f2-f4 ausgesetzt.} 14. h3 h6 15. Kh2 Nc6 {Er geht
freiwillig wieder zurück. Weiss steht nun klar besser.} 16. Qe2 $2 {Vergibt
jeglichen Vorteil, was nach 16.Sde2 nicht der Fall wäre.} Qa5 17. Rd2 {
Sieht gekünstelt aus und ist es auch. Fortsetzungen wie 17.Dd2 oder 17.a4
verdienen den Vorzug.} Nxd4 18. exd4 b5 {Damit ergreift Schwarz die Initiative.
} 19. Qxe7 $6 {Sinnvoller war es, den Turm nach c1 zu stellen.} bxc4 20. bxc4
$2 {Erneut nicht am besten und spürbar ungünstiger als 20.Dxd6 oder 20.Tc1
usw.} Rxc4 21. Rc1 Rfc8 $17 {In wenigen Zügen hat Schwarz seine Stellung
massgeblich verbessern können und einen starken Druck am Damenflügel
aufgebaut.} 22. Qe3 d5 23. Bf1 Rb4 $6 {Noch stärker ist 23...T4c6.} 24. Bg2 $6
{Hier war 24.Sd1 die beste Verteidigung.} Re8 $6 {Deutlich kräftiger war 24...
Tbc4-/+} 25. Qf4 (25. Qf3 {ist etwas genauer}) 25... Rb6 26. Kg1 $2 {
Unmöglich zu erkennen für den Almeria 68000, dass dieser harmlose Königszug
zum Verlust führen könnte und 26.Df3 den weissen Nachteil in Grenzen
gehalten hätte. Ich würde auch frech behaupten, dass selbst starke Spieler
mit 2200 Elo den Gewinn nach dem offenbar fehlerhaften Textzug nicht finden
können.} g5 $2 {Irgendwie glaubt man es kaum, aber Stockfish & Co.
attestieren nach 26...h5 einen Gewinn für Schwarz.} ({Stockfish 090222:} 26...
h5 27. f3 Bf8 28. g4 Reb8 29. Ba1 Bd6 30. Qg5 Rc6 31. Rf2 Nh7 32. Qd2 g5 33. f4
Bxf4 34. Rxf4 gxf4 35. Qxf4 Rbc8 36. gxh5 Rxc3 37. Bxc3 Rxc3 38. Rb1 Qd8 39.
Bxd5 Qg5+ 40. Qxg5+ Nxg5 41. h6 Nxh3+ 42. Kh2 Ng5 43. Rb6 Kh7 44. Rxa6 Rd3 45.
Ra7 Be8 46. Re7 Rxd4 47. Bb3 Rd8 48. a4 Kxh6 49. Rb7 Kg7 50. Rb6 Rd2+ 51. Kg3
Rd3+ 52. Kf2 f6 53. a5 Bf7 54. a6 Bxb3 55. Rb7+ Kh6 {[%eval -434,39]}) 27. Qf3
Ne4 $2 {Zwar stand Schwarz noch immer klar besser, aber das ändert sich nach
diesem Springerzug.} (27... h5 $1 $17) 28. Nxe4 dxe4 29. Qe2 $6 {Nicht am
besten.} (29. Qc3 Qxa2 30. Qc7 Rxb2 31. Qxd7 Rf8 32. Rxb2 Qxb2 33. Re1 Bxd4 34.
Qf5 Re8 35. Rxe4 $15 {und die schwarzen Gewinnchancen sind der
ungleichfarbigen Läufer wegen minim.}) 29... Qxa2 30. Ra1 Qb3 31. Qe3 $2 {
Ein nicht gerechtfertigtes Damentauschangebot, das angenommen, für Schwarz
schon fast entscheidenden Vorteil bringt.} Qxe3 32. fxe3 Reb8 33. Ba3 Rb3 34.
Bd6 R8b6 35. Bc5 Rb1+ $2 {Der damit verbundene Abtausch löst auf einen Schlag
alle weissen Probleme. Deshalb war 35...Te6-/+ angebracht.} 36. Rxb1 Rxb1+ 37.
Kf2 f5 38. g4 fxg4 ({Nur mit} 38... Bb5 39. gxf5 Bd3 $15 {kann Schwarz noch
auf Vorteil hoffen.}) 39. Bxe4 Rb8 40. hxg4 Bxg4 41. Ra2 $11 {Weiss hat wieder
ausgeglichen; der schwarze Mehrbauer ist so schwach, dass er über kurz oder
lang wird sein Leben lassen müssen.} Bc8 $6 {Das ist nur vorteilhaft für
Weiss.} 42. Bd5+ Kh8 43. Bc4 {Noch etwas Chancen auf Vorteil verspricht der
sofortige Vormarsch des weissen e-Bauern.} Kh7 44. Bd3+ Kg8 45. Bxa6 $6 {
Verständlich, dass Weiss den Bauern wieder zurückholen will. Indessen ergibt
sich nun völliger Ausgleich, während Weiss mit 45.Lc4+ nebst e4 oder sofort
45.e4 in Vorteil käme.} Be6 46. Rc2 Bf5 47. Bc4+ Kh8 48. Rc3 Rb2+ 49. Kf3 h5
$11 {Bei normalem Verlauf dieser Partie kann es nur Remis werden.} 50. Ra3 Kh7
51. Ra7 Bg4+ 52. Kg3 Bc8 53. Rc7 h4+ 54. Kf3 Bh3 55. Be7 Kg6 56. Bxg5 Be5 (
56... Bxd4 57. Bxh4 Be5 $11) 57. dxe5 Kxg5 58. Rg7+ Kh6 59. Rg8 Rb7 60. Bd5 Rd7
61. Ke4 Kh7 62. Rg1 Re7 63. Kf4 Bc8 64. Rh1 h3 65. e6 Bxe6 66. Bxe6 Rxe6 67.
Rxh3+ {Selbst dieses total Remis Turmendspiel muss bei Oldies noch
weitergeführt werden.} Kg6 68. e4 Kf6 69. Rh7 Kg6 70. Rh2 Kf6 71. Rh5 Kf7 72.
e5 Kg6 73. Rh2 Ra6 74. Rf2 Kf7 75. Ke4+ Ke7 76. Rg2 Ra4+ 77. Kf5 Ra6 78. Rg7+
Ke8 79. e6 Ra1 80. Rb7 Kf8 81. Rf7+ Ke8 82. Rc7 Rf1+ 83. Ke5 Re1+ 84. Kf6 Rf1+
85. Kg5 Re1 86. Rc6 Ke7 87. Kf5 Rf1+ 88. Ke5 Re1+ 89. Kd5 Kf6 90. Rb6 Re5+ 91.
Kd6 Rxe6+ 92. Kc5 Rxb6 93. Kxb6 {***REMIS MATERIAL***} 1/2-1/2

[Event "Match 69_120'/40"]
[Site "Zürich"]
[Date "2022.??.??"]
[Round "23"]
[White "Excel Mach III 68000"]
[Black "Mephisto Almeria 68000"]
[Result "0-1"]
[WhiteElo "2021"]
[BlackElo "2079"]
[Annotator "KUT"]
[PlyCount "123"]
[EventDate "2022.??.??"]

{[%evp 0,123,38,30,71,55,65,28,28,41,58,29,25,10,48,15,16,0,7,-14,7,-8,-5,-17,
-7,-74,-13,-57,10,-117,-117,-130,-130,-98,-93,-93,-93,-93,-77,-63,-82,-76,-82,
-89,-89,-95,-90,-98,-75,-89,-94,-101,-62,-75,-108,-147,-169,-231,-231,-298,
-295,-338,-340,-706,-399,-429,-191,-191,-191,-201,-194,-179,-185,-177,-173,
-173,-186,-202,-225,-205,-211,-211,-211,-219,-211,-211,-211,-221,-211,-223,
-202,-316,-316,-355,-398,-527,-331,-370,-384,-525,-539,-553,-547,-728,-944,
-980,-992,-995,-995,-972,-1034,-1012,-1190,-1386,-1698,-1509,-29972,-29971,
-29972,-29973,-29974,-29977,-29980,-29983,-29982,-29983]} 1. e4 c6 {Match 120'/
40 | Bediener: Rolf Bühler | 23. Partie: Schwarz (Almeria 16bit) gewinnt |
Zwischenstand: 12,0-11,0 (52,1%) für den Almeria 68000 | Im Petrosjan-Smyslov
System 4...Sd7 der Caro-Kann-Verteidigung stehen gegensätzliche Rochaden auf
dem Brett. Es ist vor allem Weiss (Mach III), der keinen passenden Aufbau
findet. Und mit 18.Da3? "krönt" er seine schlechte Figurenaufstellung. So
wird er ohne eigenes Gegenspiel am Königsflügel durch den Mephisto Almeria
68000 am rochierten Damenflügel völlig überrollt. Statt endgültig im
Angriff zu gewinnen, wählt der Almeria 68000 den Übergang in ein leicht
gewonnenes Turmendspiel.} 2. d4 d5 3. Nc3 dxe4 4. Nxe4 Nd7 5. Bc4 Ngf6 6. Nxf6+
Nxf6 7. Nf3 Bf5 8. Qe2 e6 9. Bg5 Be7 {***ENDE BUCH***} 10. O-O-O {***ENDE
BUCH***} O-O {Aus Sicht von Eröffnungsspezialisten ist die Rochade verfrüht
und sollte Schwarz den Gegner vorerst mit Zügen wie 10...b5 oder 10...Lg4
oder 10...h6 beschäftigen.} 11. Kb1 {Das ist unnötige Zeitverschwendung
anstelle von 11.Se5 mit gutem Spiel für Weiss.} Qb6 {Natürlich kein Fehler,
aber ungenau, weil hier die Dame dem wichtigen Angriffsvorstoss ...b7-b5 im
Wege steht.} 12. Qe5 $6 {Ein wirklich mysteriöses Manöver mit der Dame. Wenn
schon, dann gehört der Springer auf den guten Vorposten e5.} Rfd8 13. h3 a5 {
Eine zusätzliche Feinheit wäre 13...h6 gewesen, um Weiss praktisch zu 14.
Lxf6 Lxf6 mit Tempogewinn zu zwingen.} 14. Rde1 $2 {Der Mach III 68000 rudert
hilflos in der Landschaft herum. Diesem Turmzug fehlt jegliche Berechtigung,
da er schon fast als systemwidrig zu bezeichnen ist.} a4 15. g4 Bg6 16. Qe3 h6
17. Bh4 c5 {[#]} 18. Qa3 $2 {Eine ganz ungünstige Fortsetzung, die dem Gegner
eine Gewinnstellung einräumt. Anzumerken bleibt, dass auch der Almeria 68000
den gleichen Fehler 18.Da3? gemacht hätte. Nach gut 10 Min Bedenkzeit ist das
Lang-Programm bei ST 5/13 und einer Bewertung von -0.69 gelandet. Denn beide
Programme sind nicht in der Lage, die Widerlegung 18...cxd4! zu finden.} Bf8 {
Mit 18...cxd4! startet eine hübsche und sehr lange Gewinnvariante für
Schwarz.} (18... cxd4 19. Qxe7 a3 20. b3 Nd5 21. Bxd5 Qa5 $3 22. Be4 Qc3 23.
Qxa3 Rxa3 24. Bxd8 Bxe4 25. Rxe4 Rxa2 26. Kxa2 Qxc2+ 27. Ka3 Qxe4 28. Rd1 Qxf3
29. Rxd4 Qxf2 $19 {und Schwarz gewinnt}) 19. Ne5 {Wohl die beste Verteidigung,
aber ebenfalls nicht mehr ganz genügend.} Rxd4 $6 {Keine Frage, dass 19...
cxd4 wesentlich stärker ist.} 20. Nxg6 Rxc4 21. Nxf8 Kxf8 22. Bxf6 gxf6 {
Am Ende der Abholzerei steht Schwarz mit einem mickrigen Bauern mehr da. Man
sollte deshalb mit Weiss die Flinte noch nicht ins Korn werfen.} 23. Qe3 Kg7
24. c3 (24. a3 {leistet mehr Widerstand, da das Feld a3 durch die weisse Dame
auf der dritten Reihe unter Kontrolle bleibt.}) 24... Qc7 25. Rd1 a3 26. b3 {
Mehr oder weniger erzwungen.} Rf4 27. Rd2 $6 {Zwar stand Weiss schon nicht
mehr gut, hätte aber mit 27.c4 etwas mehr Widerstand leisten können.} Qc6 28.
Rdd1 $2 {Macht aus einer schlechten eine verlorene Stellung.} Rf3 29. Qd2 c4 $1
{Der Almeria 68000 findet den wunden Punkt in der gegnerischen Stellung und
sieht sich in Erwartung von 30.b4 De4+ 31.Ka1 Td3 32.Dxd3 cxd4 33.h4 bei ST 5/
13 mit 2.18 im Vorteil.} 30. bxc4 (30. b4 {Das Bestreben, damit die Stellung
geschlossen zu halten, scheitert an} Rd8 $3 {Der Mephisto Almeria 68000 findet
diese Keule inntert 25 Min nicht. Aber auch die vom Lang-Programm berechnete
Variante mit 30...De4+ genügt für den Gewinn.} 31. Qc1 (31. Qe2 Rxd1+ 32.
Rxd1 Rxc3 $19) (31. Qxd8 Qe4+ 32. Ka1 Rxf2 33. Qh8+ (33. g5 Rxa2+ 34. Kxa2 Qc2+
35. Kxa3 Qb3#) 33... Kxh8 34. Rd8+ Kg7 35. Rg8+ Kxg8 36. Rd1 Rxa2+ 37. Kxa2
Qc2+ 38. Kxa3 Qb3#) 31... Rdd3 32. Rxd3 (32. Qxa3 Rxc3 $19) 32... cxd3 $1 33.
Rf1 d2 34. Qxd2 Rxc3 35. f3 Qc4 36. Rc1 Qxb4+ 37. Ka1 Rxc1+ 38. Qxc1 e5 $19 {
und gewinnt}) 30... Qxc4 {Die weisse Stellung hat sich in wenigen Zügen in
eine unreparierbare Ruine verwandelt.} 31. Rc1 Qb5+ 32. Ka1 Qb2+ {Zwar nicht
die stärkste Fortsetzung, aber der Übergang ins Endspiel genügt für den
Sieg, zumal am Ende zwei schwarze Mehrbauern resultieren.} 33. Qxb2 axb2+ 34.
Kxb2 Rxf2+ 35. Rc2 Rxa2+ 36. Kxa2 Rxc2+ {Der Rest ist pure Agonie.} 37. Kb3 Rf2
38. Kc4 Rf3 39. Kb4 Kg6 40. c4 f5 41. gxf5+ Kxf5 42. Kc5 f6 43. Rb1 h5 44. Kd6
e5 45. Ke7 Rxh3 46. Rf1+ Kg4 47. Rxf6 Rc3 48. Rg6+ Kf3 49. Rh6 e4 50. Rxh5 e3
51. Rf5+ {Danach zeigt ShashChess 20.2 bereits Matt in 18 Zügen an.} Ke4 52.
Ra5 e2 53. Ra1 Rxc4 {Zwei riesenstarke Mehrbauern für Schwarz in diesem
Turmendspiel. Der Mephisto Almeria 68000 lässt sich die Butter nicht mehr vom
Brot nehmen.} 54. Ke6 Ke3 55. Kd5 Rd4+ 56. Kc5 Rd1 57. Ra8 e1=Q 58. Re8+ Kd3
59. Rxe1 Rxe1 60. Kd5 Rc1 61. Ke6 b5 62. Ke7 {***AUFGEGEBEN***} 0-1